[Event "World Corporate West B"]
[Site "Chess.com INT"]
[Date "2021.02.20"]
[Round "2.3"]
[White "Khazanov, Michail"]
[Black "Orlova, Yelizaveta"]
[Result "0-1"]
[WhiteElo "2070"]
[BlackElo "1894"]
[PlyCount "52"]
[EventDate "2021.02.20"]
[EventType "team (rapid)"]
[EventRounds "7"]
[EventCountry "USA"]
[SourceTitle "CBM 200 Extra"]
[Source "ChessBase"]
[SourceDate "2021.03.31"]
[SourceVersion "1"]
[SourceVersionDate "2021.03.31"]
[SourceQuality "1"]
[WhiteTeam "Boeing"]
[BlackTeam "Amazon US West"]
[WhiteTeamCountry "USA"]
[BlackTeamCountry "USA"]

1. e4 c5 2. Nf3 Nc6 3. d4 cxd4 4. Nxd4 g6 5. Nc3 Bg7 6. Be3 Nf6 7. f3 0-0 8. Qd2 d5 9. exd5 Nxd5 10. Nxd5 Qxd5 11. c4 Qd6 12. 0-0-0 a6 13. g4 e5 14. Nxc6 Qxc6 15. Kb1 Qxf3 16. Be2 Qc6 17. h4 Bxg4 18. Bxg4 Qe4+ 19. Ka1 Qxg4 20. h5 Bf6 21. hxg6 hxg6 22. Rdg1 Qxc4 23. Qh2 Rfc8 24. Qh7+ Kf8 25. Bh6+ Ke8 26. Qg8+ Ke7 0-1

[Event "Seattle Classic op"]
[Site "Seattle"]
[Date "2017.08.20"]
[Round "8"]
[White "Duleba, Krzysztof"]
[Black "Orlova, Yelizaveta"]
[Result "0-1"]
[WhiteElo "1691"]
[BlackElo "1933"]
[PlyCount "110"]
[EventDate "2017.08.16"]
[EventType "swiss"]
[EventRounds "9"]
[EventCountry "USA"]
[SourceTitle "EXT 2023"]
[Source "ChessBase"]
[SourceDate "2022.10.05"]
[SourceVersion "1"]
[SourceVersionDate "2022.10.05"]
[SourceQuality "1"]

1. e4 c5 2. d3 Nc6 3. f4 b5 4. Nf3 e6 5. Be2 Bb7 6. 0-0 Be7 7. c3 Nf6 8. Qe1 a6 9. f5 exf5 10. exf5 d5 11. Bg5 0-0 12. Qh4 h6 13. Nbd2 Nh7 14. Bxe7 Qxe7 15. Qxe7 Nxe7 16. Ne5 Rfd8 17. d4 c4 18. Bh5 f6 19. Ng4 Bc8 20. Ne3 a5 21. Bf3 Ng5 22. g4 Nxf3+ 23. Nxf3 b4 24. Rfe1 Ra7 25. Nh4 Kf7 26. Nhg2 h5 27. h3 hxg4 28. hxg4 g6 29. fxg6+ Nxg6 30. Nf5 Bxf5 31. gxf5 Ne7 32. Re6 Nxf5 33. Rb6 bxc3 34. bxc3 Ng3 35. Kf2 Ne4+ 36. Kf3 Nxc3 37. Rh1 Rg8 38. Nf4 Ne4 39. Nxd5 Ng5+ 40. Ke3 Re8+ 41. Kd2 Re6 42. Rb8 Rd7 43. Nb6 Rxd4+ 44. Kc3 Rg4 45. Nd5 Ne4+ 46. Kc2 Nd6 47. Rh6 Re2+ 48. Kc3 Rg3+ 49. Kd4 Nf5+ 50. Kc5 Nxh6 51. Rb7+ Kf8 52. Nxf6 Re7 53. Rxe7 Kxe7 54. Nd5+ Ke6 55. Kxc4 Rg4+ 0-1

[Event "Seattle Classic op"]
[Site "Seattle"]
[Date "2017.08.19"]
[Round "6"]
[White "Orlova, Yelizaveta"]
[Black "Vijayakumar, Advaith"]
[Result "0-1"]
[WhiteElo "1933"]
[BlackElo "1665"]
[PlyCount "95"]
[EventDate "2017.08.16"]
[EventType "swiss"]
[EventRounds "9"]
[EventCountry "USA"]
[SourceTitle "EXT 2023"]
[Source "ChessBase"]
[SourceDate "2022.10.05"]
[SourceVersion "1"]
[SourceVersionDate "2022.10.05"]
[SourceQuality "1"]

1. d4 Nf6 2. Nf3 b6 3. e3 Bb7 4. Be2 g6 5. b3 Bg7 6. Bb2 d6 7. Nbd2 Nbd7 8. h3 c5 9. c4 e6 10. 0-0 0-0 11. Qc2 Qe7 12. Rac1 Rac8 13. Rfd1 Rfd8 14. a3 d5 15. Qb1 dxc4 16. bxc4 Rb8 17. Qa1 Ne4 18. Nxe4 Bxe4 19. a4 Nf6 20. Bc3 Ne8 21. a5 Qc7 22. axb6 axb6 23. Qb2 Bc6 24. Ra1 Ra8 25. Rxa8 Rxa8 26. Rb1 Ra6 27. d5 Bxc3 28. Qxc3 Bd7 29. e4 Qa7 30. e5 Ng7 31. g4 Ra2 32. Qe3 Ra1 33. Rxa1 Qxa1+ 34. Kg2 Qb2 35. Qf4 Qa2 36. Ng5 Be8 37. Ne4 Qa1 38. Nf6+ Kf8 39. Nxh7+ Kg8 40. Nf6+ Kf8 41. Nxe8 Kxe8 42. Qf6 Kf8 43. Qd8+ Ne8 44. d6 Qxe5 45. d7 Qe4+ 46. Kg1 Qc6 47. Qxe8+ Kg7 48. d8Q 0-1

[Event "Seattle Classic op"]
[Site "Seattle"]
[Date "2017.08.18"]
[Round "5"]
[White "Anand Jr, Vignesh"]
[Black "Orlova, Yelizaveta"]
[Result "1-0"]
[WhiteElo "1709"]
[BlackElo "1933"]
[PlyCount "69"]
[EventDate "2017.08.16"]
[EventType "swiss"]
[EventRounds "9"]
[EventCountry "USA"]
[SourceTitle "EXT 2023"]
[Source "ChessBase"]
[SourceDate "2022.10.05"]
[SourceVersion "1"]
[SourceVersionDate "2022.10.05"]
[SourceQuality "1"]

1. d4 c5 2. d5 e5 3. c4 d6 4. e4 Be7 5. Nc3 Bg5 6. Nge2 Bxc1 7. Rxc1 Nh6 8. g3 a6 9. Bg2 0-0 10. 0-0 f5 11. f4 Nd7 12. a3 exf4 13. gxf4 fxe4 14. Nxe4 Nf5 15. Qe1 Nf6 16. N2c3 Bd7 17. b4 cxb4 18. axb4 Qb6+ 19. c5 Qxb4 20. Nxf6+ Rxf6 21. Ne4 Qd4+ 22. Kh1 Rh6 23. c6 bxc6 24. dxc6 Be6 25. Qc3 Qxc3 26. Rxc3 Rf8 27. Ng5 Kh8 28. Nxe6 Rxe6 29. c7 Ne7 30. Bh3 Ref6 31. Re1 Nc8 32. Bxc8 Rxc8 33. Re8+ Rf8 34. Rxf8+ Rxf8 35. c8Q 1-0

[Event "Seattle Classic op"]
[Site "Seattle"]
[Date "2017.08.17"]
[Round "2"]
[White "Janakiraman, R."]
[Black "Orlova, Yelizaveta"]
[Result "0-1"]
[WhiteElo "1373"]
[BlackElo "1933"]
[PlyCount "68"]
[EventDate "2017.08.16"]
[EventType "swiss"]
[EventRounds "9"]
[EventCountry "USA"]
[SourceTitle "EXT 2023"]
[Source "ChessBase"]
[SourceDate "2022.10.05"]
[SourceVersion "1"]
[SourceVersionDate "2022.10.05"]
[SourceQuality "1"]

1. e4 c5 2. Nf3 Nc6 3. c3 g6 4. d4 cxd4 5. cxd4 Bg7 6. Nc3 d6 7. Be2 Bg4 8. Be3 Nf6 9. 0-0 0-0 10. h3 Bxf3 11. Bxf3 Nd7 12. Rc1 a6 13. b3 Rc8 14. Qd2 Re8 15. Rfd1 b5 16. e5 dxe5 17. d5 Nd4 18. Bxd4 exd4 19. Ne2 Ne5 20. Nxd4 Nxf3+ 21. Nxf3 Qd6 22. Rxc8 Rxc8 23. Qd3 Rd8 24. Ng5 e6 25. Qf3 Qe7 26. h4 h6 27. d6 Qf8 28. Ne4 f5 29. Nc5 Rxd6 30. Rxd6 Qxd6 31. Qa8+ Kh7 32. b4 Qd2 33. Qxa6 Qe1+ 34. Kh2 Qxf2 0-1

[Event "Seattle Classic op"]
[Site "Seattle"]
[Date "2017.08.17"]
[Round "3"]
[White "Orlova, Yelizaveta"]
[Black "He, Samuel Fei"]
[Result "1/2-1/2"]
[WhiteElo "1933"]
[BlackElo "2154"]
[PlyCount "69"]
[EventDate "2017.08.16"]
[EventType "swiss"]
[EventRounds "9"]
[EventCountry "USA"]
[SourceTitle "EXT 2023"]
[Source "ChessBase"]
[SourceDate "2022.10.05"]
[SourceVersion "1"]
[SourceVersionDate "2022.10.05"]
[SourceQuality "1"]

1. Nf3 c5 2. e3 Nc6 3. d4 cxd4 4. Nxd4 Nf6 5. Be2 e5 6. Nxc6 bxc6 7. 0-0 d5 8. c4 a6 9. b3 Be6 10. Qc2 Qd7 11. Bb2 Bd6 12. Nd2 Bf5 13. Qc3 0-0 14. b4 Rfe8 15. Rfe1 Qe7 16. c5 Bc7 17. Bf1 Reb8 18. a3 a5 19. f3 Ra7 20. e4 Be6 21. Reb1 Rab7 22. Bc1 d4 23. Qb2 Nd7 24. Qc2 axb4 25. axb4 Rxb4 26. Rxb4 Rxb4 27. Ra8+ Rb8 28. Ra7 Qd8 29. Ba3 Ra8 30. Qa4 Rxa7 31. Qxa7 Bb8 32. Qa8 Qc7 33. Bb4 Nf8 34. Nc4 d3 35. Bxd3 1/2-1/2

[Event "Leiden LCT op-A 7th"]
[Site "Leiden"]
[Date "2013.07.20"]
[Round "8"]
[White "Orlova, Yelizaveta"]
[Black "Noordkamp, Wouter"]
[Result "1/2-1/2"]
[WhiteElo "1942"]
[BlackElo "2066"]
[PlyCount "23"]
[EventDate "2013.07.12"]
[EventType "swiss"]
[EventRounds "9"]
[EventCountry "NED"]
[SourceTitle "CBM 155 Extra"]
[Source "ChessBase"]
[SourceDate "2013.08.26"]
[SourceVersion "1"]
[SourceVersionDate "2013.08.26"]
[SourceQuality "1"]

1. b3 e5 2. Bb2 d6 3. e3 Nf6 4. Ne2 Be7 5. d4 exd4 6. Nxd4 0-0 7. Be2 d5 8. 0-0 c5 9. Nf3 Nc6 10. c4 dxc4 11. Bxc4 Qxd1 12. Rxd1 1/2-1/2

[Event "Leiden LCT op-A 7th"]
[Site "Leiden"]
[Date "2013.07.12"]
[Round "1"]
[White "Orlova, Yelizaveta"]
[Black "Vistisen, Lars"]
[Result "0-1"]
[WhiteElo "1942"]
[BlackElo "2177"]
[PlyCount "50"]
[EventDate "2013.07.12"]
[EventType "swiss"]
[EventRounds "9"]
[EventCountry "NED"]
[SourceTitle "CBM 155 Extra"]
[Source "ChessBase"]
[SourceDate "2013.08.26"]
[SourceVersion "1"]
[SourceVersionDate "2013.08.26"]
[SourceQuality "1"]

1. b3 Nf6 2. Bb2 d5 3. f4 Bf5 4. Nf3 Nbd7 5. e3 e6 6. Be2 Bd6 7. 0-0 Qe7 8. c4 c5 9. Ne5 h5 10. cxd5 Bxe5 11. fxe5 Ng4 12. dxe6 fxe6 13. Bxg4 hxg4 14. g3 Qg5 15. Rf4 Qh5 16. Qe2 Bd3 17. Qg2 0-0-0 18. Na3 Nxe5 19. Bxe5 Qxe5 20. Rd1 Rhf8 21. Rxg4 Qh5 22. h3 Bf5 23. Rc1 Bxg4 24. hxg4 Qxg4 25. Rxc5+ Kb8 0-1

[Event "Reykjavik op"]
[Site "Reykjavik"]
[Date "2013.02.26"]
[Round "9"]
[White "Seim, Fredrik"]
[Black "Orlova, Yelizaveta"]
[Result "0-1"]
[WhiteElo "1714"]
[BlackElo "1978"]
[PlyCount "76"]
[EventDate "2013.02.19"]
[EventType "swiss"]
[EventRounds "10"]
[EventCountry "ISL"]
[SourceTitle "CBM 153 Extra"]
[Source "ChessBase"]
[SourceDate "2013.04.22"]
[SourceVersion "1"]
[SourceVersionDate "2013.04.22"]
[SourceQuality "1"]

1. Nc3 c5 2. Nf3 Nc6 3. d4 cxd4 4. Nxd4 g6 5. e4 Bg7 6. Be3 Nf6 7. f3 0-0 8. Bc4 Qb6 9. Qd2 Nxe4 10. fxe4 Bxd4 11. Bxd4 Qxd4 12. Qxd4 Nxd4 13. 0-0-0 Nc6 14. Nd5 Kg7 15. g4 Rb8 16. h4 d6 17. Be2 b5 18. Rh2 h6 19. Rf2 Rb7 20. Ne3 Ne5 21. Rdf1 Be6 22. Kb1 a5 23. h5 g5 24. Nf5+ Bxf5 25. exf5 f6 26. Rd1 Rc8 27. Rd5 Rc5 28. Rxc5 dxc5 29. Rf1 b4 30. Rd1 Rd7 31. Rxd7 Nxd7 32. b3 Ne5 33. Kb2 Kf7 34. a3 e6 35. axb4 axb4 36. fxe6+ Kxe6 37. c3 f5 38. gxf5+ Kxf5 0-1

[Event "Mexico City UNAM Prelim-A (Women)"]
[Site "Mexico City"]
[Date "2012.11.20"]
[Round "5"]
[White "Alexandrova, Olga"]
[Black "Orlova, Yelizaveta"]
[Result "1-0"]
[WhiteElo "2409"]
[BlackElo "1961"]
[PlyCount "57"]
[EventDate "2012.11.16"]
[EventType "tourn (rapid)"]
[EventRounds "20"]
[EventCountry "MEX"]
[SourceTitle "CBM 151 Extra"]
[Source "ChessBase"]
[SourceDate "2012.12.18"]
[SourceVersion "1"]
[SourceVersionDate "2012.12.18"]
[SourceQuality "1"]

1. d4 g6 2. c4 Bg7 3. Nc3 d6 4. e4 Nf6 5. f4 0-0 6. Nf3 Nbd7 7. Bd3 c5 8. d5 Ne8 9. 0-0 a6 10. a4 b6 11. Be3 e6 12. Qd2 exd5 13. exd5 Nc7 14. Rae1 Rb8 15. Kh1 b5 16. axb5 axb5 17. Nxb5 Nxb5 18. cxb5 Nb6 19. f5 c4 20. Bxb6 Qxb6 21. Bxc4 Bxf5 22. Ra1 Bd7 23. Ra6 Qc5 24. Rc1 Bxb5 25. b4 Bxa6 26. bxc5 Rb2 27. Qd1 Bxc4 28. Rxc4 Rfb8 29. c6 1-0

[Event "Mexico City UNAM Prelim-A (Women)"]
[Site "Mexico City"]
[Date "2012.11.19"]
[Round "4"]
[White "Orlova, Yelizaveta"]
[Black "Van Weersel, Arlette"]
[Result "0-1"]
[WhiteElo "1961"]
[BlackElo "2168"]
[PlyCount "58"]
[EventDate "2012.11.16"]
[EventType "tourn (rapid)"]
[EventRounds "20"]
[EventCountry "MEX"]
[SourceTitle "CBM 151 Extra"]
[Source "ChessBase"]
[SourceDate "2012.12.18"]
[SourceVersion "1"]
[SourceVersionDate "2012.12.18"]
[SourceQuality "1"]

1. d4 Nf6 2. c4 g6 3. b3 Bg7 4. Bb2 0-0 5. Nf3 d5 6. e3 c6 7. Nbd2 b6 8. Be2 Bb7 9. 0-0 Nbd7 10. Rc1 Rc8 11. Qc2 c5 12. Qb1 Rc7 13. Rfd1 Qa8 14. cxd5 Bxd5 15. Bc4 Bb7 16. Bd3 Rfc8 17. Bb5 a6 18. Bxd7 Rxd7 19. Ne5 Rdd8 20. f3 Nd5 21. Nf1 cxd4 22. Bxd4 f6 23. Nc4 b5 24. Na5 e5 25. Nxb7 Qxb7 26. Bc5 Nc7 27. Be7 Rxd1 28. Rxd1 Ne6 29. Qd3 Qxe7 0-1

[Event "Mexico City UNAM Prelim-A (Women)"]
[Site "Mexico City"]
[Date "2012.11.18"]
[Round "3"]
[White "Rizzo, Marina"]
[Black "Orlova, Yelizaveta"]
[Result "1-0"]
[WhiteElo "2054"]
[BlackElo "1961"]
[PlyCount "79"]
[EventDate "2012.11.16"]
[EventType "tourn (rapid)"]
[EventRounds "20"]
[EventCountry "MEX"]
[SourceTitle "CBM 151 Extra"]
[Source "ChessBase"]
[SourceDate "2012.12.18"]
[SourceVersion "1"]
[SourceVersionDate "2012.12.18"]
[SourceQuality "1"]

1. e4 c5 2. Nf3 Nc6 3. d4 cxd4 4. Nxd4 g6 5. Nc3 Bg7 6. Be3 Nf6 7. Be2 0-0 8. Qd2 d6 9. f3 Bd7 10. g4 Rc8 11. 0-0-0 Ne5 12. h4 Nc4 13. Bxc4 Rxc4 14. h5 Ne8 15. hxg6 fxg6 16. Qh2 Nf6 17. Nd5 Nxd5 18. exd5 Kf7 19. Ne6 Bxe6 20. dxe6+ Ke8 21. Qxh7 Bxb2+ 22. Kxb2 Qa5 23. Qxg6+ Kd8 24. Rxd6+ Kc8 25. Rd3 Qe5+ 26. Kb1 Rb4+ 27. Rb3 Rxb3+ 28. axb3 Qxe3 29. Rd1 Qxf3 30. Rd3 Qf1+ 31. Kb2 Qf6+ 32. Qxf6 Rxf6 33. Re3 Kc7 34. Kc3 Kd6 35. Kd4 Rg6 36. Re4 Rxe6 37. Rxe6+ Kxe6 38. Ke4 Kf6 39. Kf4 Kg6 40. Ke4 1-0

[Event "Mexico City UNAM Prelim-A (Women)"]
[Site "Mexico City"]
[Date "2012.11.17"]
[Round "2"]
[White "Orlova, Yelizaveta"]
[Black "Nakhbayeva, Guliskhan"]
[Result "0-1"]
[WhiteElo "1961"]
[BlackElo "2334"]
[PlyCount "65"]
[EventDate "2012.11.16"]
[EventType "tourn (rapid)"]
[EventRounds "20"]
[EventCountry "MEX"]
[SourceTitle "CBM 151 Extra"]
[Source "ChessBase"]
[SourceDate "2012.12.18"]
[SourceVersion "1"]
[SourceVersionDate "2012.12.18"]
[SourceQuality "1"]

1. d4 Nf6 2. Nf3 e6 3. b3 b6 4. Bb2 Bb7 5. e3 d5 6. Nbd2 Bd6 7. c4 0-0 8. Bd3 Nbd7 9. 0-0 a6 10. h3 Ne4 11. Bxe4 dxe4 12. Ne5 Bxe5 13. dxe5 Qg5 14. Qg4 Qxg4 15. hxg4 Rfd8 16. Rfd1 Nc5 17. Bd4 Nd3 18. f3 exf3 19. Nxf3 Nb4 20. a3 Nc2 21. Rac1 Be4 22. Ng5 Bg6 23. Kf2 Nxa3 24. Bb2 Nc2 25. e4 Rxd1 26. Rxd1 h6 27. Rd2 Nb4 28. Nf3 Bxe4 29. Ke3 Bg6 30. Rd7 Rc8 31. Bc3 Nc6 32. Nd4 Nxe5 33. Re7 0-1

[Event "Olympiad Women-40"]
[Site "Istanbul"]
[Date "2012.09.09"]
[Round "11.3"]
[White "Orlova, Yelizaveta"]
[Black "Larrachea Formas, Emilia Victoria"]
[Result "0-1"]
[WhiteElo "1947"]
[BlackElo "2061"]
[PlyCount "66"]
[EventDate "2012.08.28"]
[EventType "team-swiss"]
[EventRounds "11"]
[EventCountry "TUR"]
[SourceTitle "CBM 150 Extra"]
[Source "ChessBase"]
[SourceDate "2012.10.19"]
[SourceVersion "1"]
[SourceVersionDate "2012.10.19"]
[SourceQuality "1"]
[WhiteTeam "Canada (W)"]
[BlackTeam "Chile (W)"]
[WhiteTeamCountry "CAN"]
[BlackTeamCountry "CHI"]

1. Nf3 Nf6 2. b3 g6 3. Bb2 Bg7 4. e3 0-0 5. Be2 d6 6. d4 c5 7. 0-0 Qc7 8. c4 Bf5 9. Nc3 a6 10. Rc1 Rd8 11. Nd2 Nc6 12. e4 Bc8 13. Nf3 Bg4 14. Nd5 Qa5 15. Bc3 Qa3 16. Nb6 Rab8 17. d5 Nb4 18. Na4 Nxe4 19. Nd2 Nxc3 20. Nxc3 Bf5 21. g4 Bd7 22. Ndb1 Qb2 23. a3 Na2 24. Nxa2 Qxa2 25. Qd3 b5 26. Qe4 Qxb3 27. Qxe7 Qh3 28. Rc2 Be5 29. f4 Bd4+ 30. Rf2 Bxg4 31. Qg5 Bf5 32. Rc1 Qe3 33. Rcf1 Bxb1 0-1

[Event "Olympiad Women-40"]
[Site "Istanbul"]
[Date "2012.09.01"]
[Round "5.3"]
[White "Varela la Madrid, Tilsia Carolin"]
[Black "Orlova, Yelizaveta"]
[Result "0-1"]
[WhiteElo "2036"]
[BlackElo "1947"]
[PlyCount "130"]
[EventDate "2012.08.28"]
[EventType "team-swiss"]
[EventRounds "11"]
[EventCountry "TUR"]
[SourceTitle "CBM 150 Extra"]
[Source "ChessBase"]
[SourceDate "2012.10.19"]
[SourceVersion "1"]
[SourceVersionDate "2012.10.19"]
[SourceQuality "1"]
[WhiteTeam "Venezuela (W)"]
[BlackTeam "Canada (W)"]
[WhiteTeamCountry "VEN"]
[BlackTeamCountry "CAN"]

1. e4 c5 2. Nf3 Nc6 3. c3 g6 4. d4 cxd4 5. cxd4 Bg7 6. Nc3 d6 7. Be2 Bd7 8. 0-0 a6 9. Be3 b5 10. Qd2 Nf6 11. d5 Na5 12. b4 Nc4 13. Bxc4 bxc4 14. Nd4 Ng4 15. a4 Nxe3 16. fxe3 Qb6 17. b5 axb5 18. axb5 0-0 19. Rab1 Ra3 20. Rfc1 Rfa8 21. Kh1 f5 22. Nc6 f4 23. exf4 Bxc3 24. Rxc3 Ra1 25. Rcc1 R8a2 26. Qd4 Qxd4 27. Nxd4 Rxb1 28. Rxb1 c3 29. b6 Rb2 30. Rc1 Rxb6 31. h3 Rb4 32. Ne2 Rxe4 33. Nxc3 Rxf4 34. Ra1 Rc4 35. Ra3 Kf7 36. Kg1 Kf6 37. Kf2 Ke5 38. Ke3 e6 39. dxe6 Bxe6 40. Kd3 d5 41. g4 h5 42. gxh5 gxh5 43. Kd2 Rh4 44. Ra1 Rxh3 45. Re1+ Kd6 46. Nb5+ Kc5 47. Rxe6 Kxb5 48. Re8 Kc4 49. Rc8+ Kd4 50. Ra8 Rh2+ 51. Kd1 Ke4 52. Ra4+ d4 53. Ra8 Kd3 54. Ra3+ Ke4 55. Ra8 h4 56. Ra3 h3 57. Rg3 Rh1+ 58. Ke2 h2 59. Rg4+ Ke5 60. Rh4 Ra1 61. Rh5+ Kf4 62. Rh4+ Kg3 63. Rh8 h1Q 64. Rg8+ Kf4 65. Rf8+ Ke5 0-1

[Event "Olympiad Women-40"]
[Site "Istanbul"]
[Date "2012.08.30"]
[Round "3.3"]
[White "Orlova, Yelizaveta"]
[Black "Jelica, Mara"]
[Result "0-1"]
[WhiteElo "1947"]
[BlackElo "2258"]
[PlyCount "124"]
[EventDate "2012.08.28"]
[EventType "team-swiss"]
[EventRounds "11"]
[EventCountry "TUR"]
[SourceTitle "CBM 150 Extra"]
[Source "ChessBase"]
[SourceDate "2012.10.19"]
[SourceVersion "1"]
[SourceVersionDate "2012.10.19"]
[SourceQuality "1"]
[WhiteTeam "Canada (W)"]
[BlackTeam "Croatia (W)"]
[WhiteTeamCountry "CAN"]
[BlackTeamCountry "CRO"]

1. b3 e5 2. Bb2 Nc6 3. e3 Nf6 4. c4 d5 5. d3 Bb4+ 6. Nd2 Bg4 7. Qc2 0-0 8. a3 Bxd2+ 9. Qxd2 dxc4 10. bxc4 Qd6 11. Ne2 Rad8 12. Ng3 h5 13. h3 Be6 14. Rd1 h4 15. Ne2 Qe7 16. Qc2 Nh5 17. d4 exd4 18. exd4 Bc8 19. d5 Nb8 20. Rd4 Rfe8 21. Qd2 Bf5 22. Kd1 c5 23. d6 Qe6 24. Rd5 Nc6 25. Kc1 Bg6 26. Nf4 Nxf4 27. Qxf4 Nd4 28. Qe3 Qd7 29. Qc3 Re6 30. Bd3 Rxd6 31. Rxc5 Ne6 32. Be2 f6 33. Rd5 Rxd5 34. cxd5 Qxd5 35. Rd1 Qg5+ 36. Rd2 Kh7 37. Bf3 b6 38. Kd1 Rxd2+ 39. Qxd2 Qb5 40. Be2 Qa4+ 41. Ke1 Nf4 42. Bf3 Nd3+ 43. Kf1 Qb3 44. Bc3 Qxa3 45. Be2 Qc1+ 46. Qxc1 Nxc1 47. Ba6 Bd3+ 48. Bxd3+ Nxd3 49. Ke2 Nf4+ 50. Kf3 Nd5 51. Bb2 f5 52. Be5 g5 53. g3 hxg3 54. fxg3 Kg6 55. Bd4 a5 56. Ke2 b5 57. Kd3 f4 58. Ke4 Nf6+ 59. Kf3 fxg3 60. Kxg3 Kf5 61. Kf3 Nd5 62. Kg3 b4 0-1

[Event "Wch U18 Girls"]
[Site "Caldas Novas"]
[Date "2011.11.18"]
[Round "1"]
[White "Kashlinskaya, Alina"]
[Black "Orlova, Yelizaveta"]
[Result "1-0"]
[WhiteElo "2377"]
[BlackElo "1956"]
[PlyCount "71"]
[EventDate "2011.11.18"]
[EventType "swiss"]
[EventRounds "9"]
[EventCountry "BRA"]
[SourceTitle "EXT 2013"]
[Source "ChessBase"]
[SourceDate "2012.11.22"]
[SourceVersion "1"]
[SourceVersionDate "2012.11.22"]
[SourceQuality "1"]

1. e4 c5 2. Nf3 Nc6 3. d4 cxd4 4. Nxd4 Qb6 5. Nb3 g6 6. Be3 Qb4+ 7. Nc3 Bg7 8. Bd3 Bxc3+ 9. bxc3 Qxc3+ 10. Bd2 Qe5 11. 0-0 Qc7 12. f4 d6 13. Qe2 Nf6 14. c4 0-0 15. Rac1 b6 16. Bc3 Nd7 17. Bb1 a5 18. h4 a4 19. Nd2 e5 20. f5 f6 21. Rf2 Nc5 22. Nf1 Bb7 23. Ne3 Nd4 24. Qg4 Qg7 25. Rd1 h5 26. Qh3 Bxe4 27. fxg6 Qxg6 28. Bxd4 exd4 29. Nf5 Ra7 30. Bxe4 Nxe4 31. Rb2 Re8 32. Rxd4 Re5 33. Rd5 Nc3 34. Rxe5 dxe5 35. Rf2 Ne4 36. Qd3 1-0

[Event "Canadian op 48th"]
[Site "Toronto"]
[Date "2011.07.09"]
[Round "1"]
[White "Orlova, Yelizaveta"]
[Black "Cheng, Bindi"]
[Result "0-1"]
[WhiteElo "1934"]
[BlackElo "2385"]
[PlyCount "84"]
[EventDate "2011.07.09"]
[EventType "swiss"]
[EventRounds "9"]
[EventCountry "CAN"]
[SourceTitle "CBM 143 Extra"]
[Source "ChessBase"]
[SourceDate "2011.08.29"]
[SourceVersion "1"]
[SourceVersionDate "2011.08.29"]
[SourceQuality "1"]

1. b3 d5 2. Bb2 c6 3. e3 Bf5 4. Nf3 e6 5. d4 Nd7 6. Bd3 Bg6 7. c4 Ngf6 8. Bxg6 hxg6 9. Nbd2 a5 10. Qe2 a4 11. 0-0 Qb8 12. Ne5 Bb4 13. Ndf3 a3 14. Bc1 Bd6 15. h3 Nxe5 16. dxe5 Bxe5 17. Nxe5 Qxe5 18. Bd2 Ne4 19. Rfd1 0-0 20. f3 Nxd2 21. Qxd2 Rfd8 22. Qd4 Qxd4 23. exd4 dxc4 24. bxc4 Ra4 25. Rac1 b5 26. cxb5 cxb5 27. Rc3 Kf8 28. Kf2 Raxd4 29. Rxd4 Rxd4 30. Rxa3 Ra4 31. Rxa4 bxa4 32. Ke3 Ke7 33. Kd4 Kd6 34. f4 f6 35. g4 e5+ 36. Ke4 Ke6 37. fxe5 fxe5 38. h4 a3 39. Ke3 Kd5 40. Kd3 e4+ 41. Ke3 Ke5 42. Ke2 Kf4 0-1

[Event "CAN-ch U18"]
[Site "Richmond Hill"]
[Date "2011.07.07"]
[Round "4"]
[White "Laceste, Loren Brigham"]
[Black "Orlova, Yelizaveta"]
[Result "1-0"]
[WhiteElo "2027"]
[BlackElo "1934"]
[PlyCount "81"]
[EventDate "2011.07.06"]
[EventType "swiss"]
[EventRounds "7"]
[EventCountry "CAN"]
[SourceTitle "EXT 2022"]
[Source "ChessBase"]
[SourceDate "2021.10.06"]
[SourceVersion "1"]
[SourceVersionDate "2021.10.06"]
[SourceQuality "1"]

1. d4 c5 2. d5 e5 3. e4 d6 4. Nc3 Be7 5. Bd3 Bg5 6. Nf3 Bxc1 7. Qxc1 Nh6 8. Qe3 a6 9. a4 b6 10. Nd2 Nd7 11. h3 Nf8 12. g3 f6 13. f4 Nf7 14. Be2 Bd7 15. h4 b5 16. b3 Ng6 17. f5 Ne7 18. Kf2 b4 19. Nd1 a5 20. Nb2 Qc7 21. Nbc4 g6 22. fxg6 hxg6 23. Raf1 0-0-0 24. Ke1 f5 25. Kd1 Rdf8 26. Kc1 Rhg8 27. Bf3 g5 28. hxg5 f4 29. gxf4 exf4 30. Qxf4 Ne5 31. Qe3 N7g6 32. Rh7 Nf4 33. Nxe5 dxe5 34. Bg4 Rd8 35. Nc4 Rxg5 36. d6 Qa7 37. Bf5 Rh5 38. Rg7 Rxf5 39. exf5 Nd5 40. Qxe5 Nc3 41. f6 1-0

[Event "CAN-ch U18"]
[Site "Richmond Hill"]
[Date "2011.07.06"]
[Round "2"]
[White "Sapozhnikov, Roman"]
[Black "Orlova, Yelizaveta"]
[Result "1-0"]
[WhiteElo "2295"]
[BlackElo "1934"]
[PlyCount "83"]
[EventDate "2011.07.06"]
[EventType "swiss"]
[EventRounds "7"]
[EventCountry "CAN"]
[SourceTitle "EXT 2012"]
[Source "ChessBase"]
[SourceDate "2011.11.24"]
[SourceVersion "1"]
[SourceVersionDate "2011.11.24"]
[SourceQuality "1"]

1. e4 b6 2. d4 Bb7 3. Nc3 e6 4. Bd3 Ne7 5. Nf3 d6 6. h4 Nd7 7. Be3 h6 8. h5 d5 9. exd5 Nxd5 10. Nxd5 Bxd5 11. Qe2 Be7 12. c4 Bb7 13. 0-0-0 a6 14. Ne5 Bf6 15. f4 Qe7 16. Bf2 Bxe5 17. fxe5 Qb4 18. Bh4 b5 19. d5 Nc5 20. dxe6 Nxe6 21. Qg4 Bd5 22. Bf5 Qxc4+ 23. Qxc4 Bxc4 24. Be4 Rb8 25. Bc6+ Kf8 26. Rhe1 Nc5 27. b3 Nd3+ 28. Kd2 Nb4 29. Be4 Be6 30. Rc1 Nxa2 31. Rxc7 b4 32. Bc2 Bg4 33. Ra1 Nc3 34. Rxa6 Nd5 35. Rb7 Rc8 36. Raa7 Bxh5 37. g4 Bg6 38. Bxg6 fxg6 39. Rd7 g5 40. Bf2 Nf4 41. Bc5+ Ke8 42. Re7+ 1-0

[Event "Guelph Winter ProAm"]
[Site "Guelph"]
[Date "2011.02.05"]
[Round "2"]
[White "Orlova, Yelizaveta"]
[Black "Calugar, Arthur"]
[Result "1/2-1/2"]
[WhiteElo "2002"]
[BlackElo "2364"]
[PlyCount "98"]
[EventDate "2011.02.05"]
[EventType "swiss"]
[EventRounds "5"]
[EventCountry "CAN"]
[SourceTitle "EXT 2022"]
[Source "ChessBase"]
[SourceDate "2021.10.06"]
[SourceVersion "1"]
[SourceVersionDate "2021.10.06"]
[SourceQuality "1"]

1. Nf3 Nf6 2. b3 g6 3. Bb2 Bg7 4. g3 0-0 5. Bg2 c5 6. c4 Nc6 7. 0-0 d6 8. d4 Ne4 9. e3 f5 10. Qe2 e5 11. Rd1 Qe7 12. dxc5 dxc5 13. Nfd2 Nxd2 14. Bd5+ Be6 15. Rxd2 e4 16. Bxg7 Kxg7 17. Nc3 Ne5 18. Kg2 Nf3 19. Rdd1 Bc8 20. a3 g5 21. Qb2 Kh6 22. b4 Ne5 23. bxc5 Nd3 24. Qc2 Nxc5 25. h4 g4 26. Nb5 Bd7 27. Rdb1 Be6 28. Nc3 Rac8 29. Rb5 Bxd5 30. Nxd5 Qe5 31. Rab1 Rfd8 32. a4 Rd6 33. Qa2 Qe6 34. Qa3 Rdc6 35. Nb4 R6c7 36. Nd5 Rc6 37. Nb4 Rd6 38. Nd5 Rdc6 39. Nb4 Rd6 40. Nd5 Rdc6 41. Nb4 R6c7 42. Nd5 Rc6 43. Nb4 Rd6 44. Nd5 Rdc6 45. Nb4 Rd6 46. Nd5 Rdc6 47. Nb4 Qxc4 48. Nxc6 Rxc6 49. Rc1 Qxa4 1/2-1/2